Missing Word: 'P' Authors Quiz Stats

 Plays Quiz Updated Dec 6, 2016

Support Sporcle.
Go Orange.
Score 0/20 Timer 03:00
0 Plays Today
Author Answer % Correct
Edgar Allan _____Poe
99.7%
Beatrix _____Potter
90.5%
_____ BenchleyPeter
87%
Sylvia _____Plath
82.7%
Mario _____Puzo
75.7%
_____ S. BuckPearl
74.2%
_____ RothPhilip
73.6%
Boris _____Pasternak
62.7%
_____ AusterPaul
56.9%
Marcel _____Proust
56%
Author Answer % Correct
_____ O'BrianPatrick
55%
James _____Patterson
45.9%
Robert _____ WarrenPenn
45.3%
Harold _____Pinter
42.9%
_____ HighsmithPatricia
39.5%
Alexander _____Pope
38%
Terry _____Pratchett
37.7%
Thomas _____Pynchon
36.9%
Philip _____Pullman
33.2%
Chuck _____Palahniuk
25%

Today's Daily Dose

You're not logged in!

Compare scores with friends on all Sporcle quizzes.
OR
Log In

From the Vault

Multi-Category Minefield Blitz IX

by MSpitzig

You don't have to be an expert in anything for this quiz, you just need to be able to tell your national currencies apart from your fish.
Remove Ads.
Support Sporcle.
Get the best of Sporcle when you Go Orange. This ad-free experience offers more features, more stats, and more fun while also helping to support Sporcle. Thank you for becoming a member.

Show Comments

Extras

Top Quizzes Today


Score Distribution

Your Account Isn't Verified!

In order to create a playlist on Sporcle, you need to verify the email address you used during registration. Go to your Sporcle Settings to finish the process.

Report this User

Report this user for behavior that violates our Community Guidelines.

Details: